| 000 | 00481cam a2200157u 4500 | ||
|---|---|---|---|
| 082 |
_a671.23 _bMJJ _cL-24, P-2 |
||
| 100 |
_aTurner, Fredrick W. _944966 |
||
| 245 | 0 | 0 |
_aPattern making. _cTurner, Fredrick W. |
| 260 |
_aLondon _c1914 _bJohn Wiley & Sons |
||
| 300 |
_av, 114 p. _billus. _c17 cm. |
||
| 526 |
_a0 _b0 _c0 _d671_230000000000000_MJJ |
||
| 650 | 0 |
_aMCE _9379 |
|
| 650 | 0 |
_aPatternmaking. _944967 |
|
| 856 | 4 | 1 | _uhttp://hdl.loc.gov/loc.gdc/scd0001.0003318170A |
| 942 |
_2ddc _cBK |
||
| 999 |
_c548606 _d548606 |
||